Der Grillenpfiff, (Record no. 5788)

MARC details
000 -LEADER
fixed length control field 00575cam a22002051 4500
001 - CONTROL NUMBER
control field af 48003825
003 - CONTROL NUMBER IDENTIFIER
control field DLC
005 - DATE AND TIME OF LATEST TRANSACTION
control field 20260227110904.0
008 - FIXED-LENGTH DATA ELEMENTS--GENERAL INFORMATION
fixed length control field 890322s1943 gw 000 1 ger c
010 ## - LIBRARY OF CONGRESS CONTROL NUMBER
LC control number af 48003825
035 ## - SYSTEM CONTROL NUMBER
System control number (OCoLC)19415815
040 ## - CATALOGING SOURCE
Original cataloging agency California. Univ. Libr.
Transcribing agency CU
Modifying agency CU
-- DLC
042 ## - AUTHENTICATION CODE
Authentication code premarc
050 00 - LIBRARY OF CONGRESS CALL NUMBER
Classification number PT2603.A85
Item number G65
100 1# - MAIN ENTRY--PERSONAL NAME
Personal name Baumgarten, Harald,
Dates associated with a name 1890-
245 14 - TITLE STATEMENT
Title Der Grillenpfiff,
Remainder of title Kriminal-Roman.
260 ## - PUBLICATION, DISTRIBUTION, ETC.
Place of publication, distribution, etc. Berlin,
Name of publisher, distributor, etc. Aufwärts-Verlag
Date of publication, distribution, etc. [1943]
300 ## - PHYSICAL DESCRIPTION
Extent 239 p.
Dimensions 19 cm.
440 #4 - SERIES STATEMENT/ADDED ENTRY--TITLE
Title Der Aufwärts-Kriminal-Roman,
Volume/sequential designation Bd. 29

No items available.

Powered by Koha